01149cam a2200313 i 4500003000900000005001700009007000300026008004100029020001800070040003000088082001400118100002700132240006400159245012300223250001800346264005100364264002900415300002600444336002700470337003400497338002800531490002200559500005900581500003400640500003900674500002400713504003000737700006800767DO-SdBNP20240301180540.0ta751003s2013 sp 000 0 spa d a9788420675565 aDO-SdBNPbspacBNPHUerda bM392e2221 aMarx, Karl,d1818-188310aÖkonomisch philosophische manuskripte (1844) /lEspañol10aManuscritos de economía y filosofía /cKarl Marx, ; traducción, introducción y notas Francisco Rubio Llorente  a3a. edición 1aMadrid, España :bAlianza editorial, c2013. 3c2016. 1ra. reimpresión a305 páginasc18 cm. 2rdacontentatextobtxt 2rdamediaasin mediación bn 2rdacarrieravolumenbnc1 aCiencias sociales aLa biblioteca posee la primera reimpresión del 2016. aIncluye cuadro cronológico. aIncluye notas a pie de páginas.  aLibro de bolsillo.  aBibliografía p: 264-2691 aRubio Llorente, Franciscoetraducción, introducción y notas